000 00596nam a2200241Ia 4500
003 OSt
005 20220924144502.0
006 a|||||r|||| 00| 0
007 ta
008 220923b |||||||| |||| 00| 0 urd d
020 _c3.00
024 _a314842
037 _cTextual
040 _aARTS
_cARTS
_burd
041 _2urd
_aurd
082 _aO168,1N24x, L3
100 _aPratapgrarhi Nazish
_9217714
245 0 _aMata-e-Qalam
260 _c1973
650 _aURDU POETRY
942 _hO168,1N24x, L3
_cTEXL
_2CC
999 _c457210
_d457210